Home aquarium/ (Record no. 193736)
[ view plain ]
| 000 -LEADER | |
|---|---|
| fixed length control field | 00526nam a22001817a 4500 |
| 005 - DATE AND TIME OF LATEST TRANSACTION | |
| control field | 20221114115724.0 |
| 010 ## - LCCN (DPL NO) | |
| LC control number | ENG-135679 |
| 020 ## - INTERNATIONAL STANDARD BOOK NUMBER | |
| Terms of availability | 120.00 |
| 035 ## - SYSTEM CONTROL NUMBER | |
| System control number | EN-119211 |
| 037 ## - SOURCE OF ACQUISITION | |
| Source of stock number/acquisition | DBAD/PUB |
| 082 ## - DEWEY DECIMAL CLASSIFICATION NUMBER | |
| Classification number | 639.34 |
| 100 ## - MAIN ENTRY--PERSONAL NAME | |
| Personal name | C.S. Tharadevi |
| 245 ## - TITLE STATEMENT | |
| Title | Home aquarium/ |
| Statement of responsibility, etc | C.S. Tharadevi and K.V. Jayashree |
| 260 ## - PUBLICATION, DISTRIBUTION, ETC. (IMPRINT) | |
| Place of publication, distribution, etc | Kanyakumari |
| Name of publisher, distributor, etc | Saras Publication |
| Date of publication, distribution, etc | 2012 |
| 270 ## - ADDRESS | |
| Address | 114/35G A.R.P. Camp Road, Periavilai |
| City | Kanyakumari |
| Postal code | 629002 |
| 300 ## - PHYSICAL DESCRIPTION | |
| Extent | 198p. |
| Dimensions | 22cm(pbk) |
| 942 ## - ADDED ENTRY ELEMENTS (KOHA) | |
| Source of classification or shelving scheme | Dewey Decimal Classification |
| Item type | English Books |
| Call number suffix | THA |
| Classification part | 639.34 |
| Withdrawn status | Lost status | Not for loan | Collection code | Home library | Current library | Date acquired | Source of acquisition | Cost, normal purchase price | Full call number | Barcode | Copy number | Cost, replacement price | Koha item type |
|---|---|---|---|---|---|---|---|---|---|---|---|---|---|
| Non-fiction | Vinoba Puri | Vinoba Puri | 14/11/2022 | DBAD/PUB | 120.00 | 639.34 THA | EN-119211 | 1 | 120.00 | English Books |
